00425nam a22001457a 4500003000500000038001100005082001500016100001700031245005800048260003200106300001300138500005100151700002000202856005700222NUST awaseem aBESE-1 NAM aNamrah Tariq aWLAN optimization controller for triple play services aIslamabadbNUST-SEECSc2014 a64b25cm aSupervisors: Dr. Adeel Baig, Mr. Majid Maqbool aAreebah Mushtaq uhttp://10.250.8.41:8080/xmlui/handle/123456789/28637